000 00414nam a2200169Ia 4500
005 20250423100635.0
008 250422s9999 xx 000 0 und d
020 _a0- 03- 031737- 1
050 _aQC21.3.S47/
100 _aJohn R. Gordon
245 0 _aPrinciples of physics: a calculus- based text
250 _a3rd ed.
260 _bThomson Brooks/ Cole
260 _c2002
300 _a306 p
942 _cBK
999 _c33913
_d33913